| 000 | 01208 am a2200217 a 4500 | ||
|---|---|---|---|
| 005 | 20240628100501.0 | ||
| 008 | 100914s1985||||ve # f |||| 001 0 spa d | ||
| 020 | _a9802651915 | ||
| 041 | _aspa | ||
| 092 |
_c610.09095 _l51 _sMED |
||
| 110 | 1 |
_aFederación Panamericana de Asociaciones de facultades (escuelas) de Medicina. _91461 _gFEPAFEM |
|
| 245 |
_aMédicos para el siglo XXI. Informe del grupo de estudio de la A.A.M.C, sobre la educación profesional general del médico y la preparación universitaria premédica. _nN°6 / _cFederación Panamericana de Asociaciones de Facultades (escuelas) de Medicina. |
||
| 250 |
_a1a ed. _bTraducción Carlos Luís González. |
||
| 260 |
_aCaracas [Venezuela]: _bFondo Editorial FEPAFAM, _c1985. |
||
| 300 | _a81 p. | ||
| 500 | _aFederación Panamericana de asociaciones de Facultades (escuelas) de Medicina (FEPAFAM). (1985). Médicos para el siglo XXI. Informe del grupo de estudio de la A.A.M.C, sobre la educación profesional general del médico y la preparación universitaria premédica. N°6 (1a ed.). Caracas [Venezuela] : Fondo Editorial FEPAFEM. | ||
| 653 | _aCiencias médicas | ||
| 653 | _aFormacion médica | ||
| 930 | _a533 | ||
| 942 |
_2ddc _cBK |
||
| 999 |
_c723 _d723 |
||